LIBRARY & INFORMATION CENTRE, KCAET, TAVANUR

ONLINE PUBLIC ACCESS CATALOGUE (OPAC)

Bioinformatics: managing scientific data / (Record no. 13346)

MARC details
000 -LEADER
fixed length control field 00445cam a2200169ua 4500
041 ## - LANGUAGE CODE
Language code of text/sound track or separate title eng
082 ## - DEWEY DECIMAL CLASSIFICATION NUMBER
Classification number 574.0285
Item number LAC/BI
100 ## - MAIN ENTRY--AUTHOR NAME
Personal name Lacroix, Zoe .
245 ## - TITLE STATEMENT
Title Bioinformatics: managing scientific data /
260 ## - PUBLICATION, DISTRIBUTION, ETC. (IMPRINT)
Place of publication :
Name of publisher Morgan Kaufmann Publishers ,
Year of publication 2004.
300 ## - PHYSICAL DESCRIPTION
Number of Pages 441 ; .
700 1# - ADDED ENTRY--PERSONAL NAME
Personal name Critchlow, Terence .
942 ## - ADDED ENTRY ELEMENTS (KOHA)
Koha item type Books
Holdings
Withdrawn status Lost status Damaged status Home library Current library Date acquired Full call number Accession Number Koha item type
      KAUAET KAUAET 07/04/2012 574.0285 21770 Books
      KAUAET KAUAET 07/04/2012 574.0285 21825 Books
free website counter